[Event "FAI-chT3A 2021"]
[Site "Faroe Islands"]
[Date "2021.02.28"]
[Round "4.2"]
[White "Joensen, Gunnar"]
[Black "Davastovu, Eydalvur I"]
[Result "1/2-1/2"]
[WhiteElo "1677"]
[BlackElo "1408"]
[PlyCount "47"]
[EventDate "2021.01.10"]
[EventType "team-tourn"]
[EventRounds "5"]
[EventCountry "FAI"]
[SourceTitle "EXT 2022"]
[Source "ChessBase"]
[SourceDate "2021.10.06"]
[SourceVersion "1"]
[SourceVersionDate "2021.10.06"]
[SourceQuality "1"]
[WhiteTeam "Rokur"]
[BlackTeam "Vestmanna II"]
[WhiteTeamCountry "FAI"]
[BlackTeamCountry "FAI"]

1. c4 c6 2. Nc3 d5 3. e3 Nf6 4. Nf3 g6 5. d4 Bg7 6. Be2 0-0 7. 0-0 Bg4 8. cxd5 cxd5 9. h3 Bf5 10. b4 a6 11. a4 Nc6 12. Qb3 b6 13. Ba3 Re8 14. Rac1 Qd7 15. Ne5 Nxe5 16. dxe5 Ne4 17. Nxe4 dxe4 18. Rfd1 Be6 19. Qc2 Qb7 20. f4 Rac8 21. Qb1 Rxc1 22. Rxc1 Rc8 23. Rxc8+ Bxc8 24. Qc2 1/2-1/2

[Event "FAI-chT3 1617"]
[Site "Faroe Islands"]
[Date "2017.02.12"]
[Round "7.2"]
[White "Joensen, Gunnar"]
[Black "Andreasen, Jon S"]
[Result "1-0"]
[WhiteElo "1657"]
[BlackElo "1752"]
[PlyCount "71"]
[EventDate "2016.10.23"]
[EventType "team-tourn"]
[EventRounds "9"]
[EventCountry "FAI"]
[SourceTitle "EXT 2020"]
[Source "ChessBase"]
[SourceDate "2019.10.17"]
[SourceVersion "1"]
[SourceVersionDate "2019.10.17"]
[SourceQuality "1"]
[WhiteTeam "Kollafjordur II"]
[BlackTeam "Havnin VII"]
[WhiteTeamCountry "FAI"]
[BlackTeamCountry "FAI"]

1. c4 Nf6 2. Nf3 e6 3. g3 b6 4. Bg2 Bb7 5. Nc3 Be7 6. 0-0 0-0 7. d4 d6 8. Re1 Nbd7 9. e4 c5 10. d5 e5 11. Nh4 Ne8 12. Nf5 Bg5 13. f4 exf4 14. gxf4 Bf6 15. Nb5 Nb8 16. Qg4 Bc8 17. Bh3 Bxf5 18. Qxf5 a6 19. Nc3 g6 20. Qg4 Bd4+ 21. Kh1 f5 22. Qg3 Bxc3 23. bxc3 fxe4 24. Rxe4 Ng7 25. Bd2 Nd7 26. Rae1 Nf6 27. Re7 Re8 28. Rxe8+ Nfxe8 29. f5 gxf5 30. Bxf5 Qf6 31. Bd3 Kh8 32. Rf1 Nh5 33. Qg4 Qg7 34. Qxh5 Nf6 35. Rxf6 Rg8 36. Qxh7+ 1-0

[Event "FAI-chT3 1617"]
[Site "Faroe Islands"]
[Date "2017.01.15"]
[Round "4.1"]
[White "Joensen, Gunnar"]
[Black "Mortensen, Herluf"]
[Result "1/2-1/2"]
[WhiteElo "1657"]
[BlackElo "1784"]
[PlyCount "79"]
[EventDate "2016.10.23"]
[EventType "team-tourn"]
[EventRounds "9"]
[EventCountry "FAI"]
[SourceTitle "EXT 2020"]
[Source "ChessBase"]
[SourceDate "2019.10.17"]
[SourceVersion "1"]
[SourceVersionDate "2019.10.17"]
[SourceQuality "1"]
[WhiteTeam "Kollafjordur II"]
[BlackTeam "Havnin VI"]
[WhiteTeamCountry "FAI"]
[BlackTeamCountry "FAI"]

1. c4 e6 2. Nf3 Nf6 3. g3 d5 4. cxd5 exd5 5. Bg2 Bd6 6. 0-0 0-0 7. d3 c6 8. a3 Nbd7 9. b3 Re8 10. Bb2 Ne5 11. Nbd2 Bg4 12. Qc2 Qc7 13. Rac1 Qe7 14. Nxe5 Bxe5 15. Bxe5 Qxe5 16. e3 Rad8 17. b4 Qe6 18. Rfe1 Bf5 19. Nf3 Qd6 20. Nd4 Bg6 21. Qc3 Rc8 22. Bh3 Nd7 23. Red1 a6 24. Nb3 Rcd8 25. Nc5 Nxc5 26. Qxc5 Qxc5 27. Rxc5 f6 28. a4 Re7 29. b5 axb5 30. axb5 Be8 31. bxc6 Bxc6 32. Ra1 Kf7 33. Bf1 Ree8 34. Rca5 Ke6 35. d4 Kd6 36. h4 f5 37. Bd3 g6 38. Kg2 Rb8 39. Ra7 Rec8 40. R1a3 1/2-1/2

[Event "FAI-chT3 1617"]
[Site "Faroe Islands"]
[Date "2016.11.13"]
[Round "3.1"]
[White "Hojgaard, Brandur"]
[Black "Joensen, Gunnar"]
[Result "1/2-1/2"]
[WhiteElo "1793"]
[BlackElo "1657"]
[PlyCount "56"]
[EventDate "2016.10.23"]
[EventType "team-tourn"]
[EventRounds "9"]
[EventCountry "FAI"]
[SourceTitle "EXT 2020"]
[Source "ChessBase"]
[SourceDate "2019.10.17"]
[SourceVersion "1"]
[SourceVersionDate "2019.10.17"]
[SourceQuality "1"]
[WhiteTeam "Runavik"]
[BlackTeam "Kollafjordur II"]
[WhiteTeamCountry "FAI"]
[BlackTeamCountry "FAI"]

1. d4 d5 2. Nf3 Nf6 3. Bf4 e6 4. e3 b6 5. Bd3 Ba6 6. 0-0 Bxd3 7. Qxd3 Nbd7 8. Nbd2 Nh5 9. Bg5 Be7 10. Bxe7 Qxe7 11. c4 dxc4 12. Qxc4 c5 13. d5 Nhf6 14. dxe6 Qxe6 15. Qxe6+ fxe6 16. Nc4 Ke7 17. Rfd1 Rhd8 18. Kf1 Nd5 19. Ke2 Rac8 20. Nce5 Nb4 21. Rxd7+ Rxd7 22. Nxd7 Kxd7 23. Ne5+ Ke7 24. a3 Nc6 25. Nxc6+ Rxc6 26. Rd1 Rd6 27. Rxd6 Kxd6 28. e4 c4 1/2-1/2